Phonetique progressive du Francais: avec 400 exercices: Niveau debutant

Guardat en:
Dades bibliogràfiques
Autor principal: CHARLIAC, Lucile Le Bougnec, Jean-Thierry Loreil, Bernard Motron, Annie-Claude
Format: Llibre
Idioma:anglès
Publicat: CLE International 2003
Etiquetes: Afegir etiqueta
Sense etiquetes, Sigues el primer a etiquetar aquest registre!

MARC

LEADER 00000nam a22000007a 4500
008 231012b |||||||| |||| 00| 0 eng d
020 |a 9782090337877 
100 |a CHARLIAC, Lucile  |a Le Bougnec, Jean-Thierry  |a Loreil, Bernard  |a Motron, Annie-Claude 
245 |a Phonetique progressive du Francais:  |b avec 400 exercices: Niveau debutant  |c  / Lucile Charliac, Jean-Thierry, Le Bougnec, Bernard Loreil, Annie-Claude, Motron  |g 127p. 
260 |b CLE International  |c 2003  |h Paris  |i 674030  |l PC2135.P56  |m French language - Phonetics  |m French language  |m French language - Pronuciation  |m Pronuciation 
942 |a lcc  |c BK  |e A.R.Akinniyi  |f 12:10:2023 
952 |0 0  |1 0  |2 lcc  |4 0  |6 PC2135 P56  |7 0  |9 4562  |a HOL  |b HOL  |c LP  |d 2023-10-12  |l 0  |o PC2135.P56  |p 2023-0482  |r 2023-10-12 00:00:00  |t 674030  |w 2023-10-12  |y BK 
999 |c 2288  |d 2288